Los fichajes más caros del fútbol - Laterales derechos - 2013-2014 - Estadísticas

Estadísticas generales
  • Esta prueba ha sido intentada 26 veces
  • La puntuación promedio es 3 de 10
Estadísticas de respuestas
Coste (M €) Nacionalidad Último club Nuevo club Jugador % Correcto
20,00 España Sevilla FC Manchester City Jesús Navas
100%
6,50 España Bayer Leverkusen Real Madrid Daniel Carvajal
88%
4,88 Croacia Dinamo Zagreb Génova Sime Vrsaljko
17%
3,00 Rusia Anzhi Loko Moscú Arseniy Logashov
8%
3,00 Grecia Panathinaikos Sunderland Charalampos Mavrias
8%
3,40 Brasil Ponte Preta Santos Cicinho
8%
3,72 Argentina Vélez Sarsfield Catania Gino Peruzzi
8%
3,00 Italia Inter Bayer Leverkusen Giulio Donati
8%
2,40 Uruguay Peñarol Manchester United U21 Guillermo Varela
8%
6,00 Rusia Krasnodar Zenti Igor Smolnikov
8%
No se encontraron pruebas coincidentes
Distribución de puntuación
Porcentaje de gente con cada puntuación
Porcentaje por número respondido
Historial de tus puntuaciones
No has intentado esta prueba.